000 01142cam a22002774a 4500
001 12432877
005 20251121115617.0
008 010606s2002 maua 001 0 eng
020 _a0072435801
_qalk. paper
020 _a9780072435801
_q(alk. paper)
050 0 0 _aTH435
_b.P47 2002
082 0 0 _a692/.5
_221
100 1 _aPeurifoy, R. L.
_q(Robert Leroy),
_d1902-1995.
245 1 0 _aEstimating construction costs /
_cRobert L. Peurifoy, Garold D. Oberlender.
250 _a5th ed.
260 _aBoston :
_bMcGraw-Hill,
_cc2002.
300 _axvi, 560 p. :
_bill. ;
_c25 cm.
440 4 _aThe McGraw-Hill series in construction engineering and project management
500 _aIncludes index.
650 0 _aBuilding
_xEstimates
_zUnited States.
700 1 _aOberlender, Garold D.
856 4 2 _3Publisher description
_uhttp://www.loc.gov/catdir/enhancements/fy0702/2001041039-d.html
856 4 1 _3Table of contents only
_uhttp://www.loc.gov/catdir/enhancements/fy0702/2001041039-t.html
856 4 2 _3Contributor biographical information
_uhttp://www.loc.gov/catdir/enhancements/fy0735/2001041039-b.html
942 _2lcc
_cBK
_e5th ed.
_n0
999 _c8294
_d8294